<?xml version="1.0" encoding="UTF-8"?><?xml-stylesheet type="text/xsl" href="static/style.xsl"?><OAI-PMH xmlns="http://www.openarchives.org/OAI/2.0/" xmlns:xsi="http://www.w3.org/2001/XMLSchema-instance" xsi:schemaLocation="http://www.openarchives.org/OAI/2.0/ http://www.openarchives.org/OAI/2.0/OAI-PMH.xsd"><responseDate>2026-04-13T00:57:23Z</responseDate><request verb="GetRecord" identifier="oai:www.recercat.cat:10459.1/48945" metadataPrefix="marc">https://recercat.cat/oai/request</request><GetRecord><record><header><identifier>oai:recercat.cat:10459.1/48945</identifier><datestamp>2025-09-27T19:02:46Z</datestamp><setSpec>com_2072_3622</setSpec><setSpec>col_2072_479130</setSpec></header><metadata><record xmlns="http://www.loc.gov/MARC21/slim" xmlns:dcterms="http://purl.org/dc/terms/" xmlns:xsi="http://www.w3.org/2001/XMLSchema-instance" xmlns:doc="http://www.lyncode.com/xoai" xsi:schemaLocation="http://www.loc.gov/MARC21/slim http://www.loc.gov/standards/marcxml/schema/MARC21slim.xsd">
   <leader>00925njm 22002777a 4500</leader>
   <datafield ind2=" " ind1=" " tag="042">
      <subfield code="a">dc</subfield>
   </datafield>
   <datafield ind2=" " ind1=" " tag="720">
      <subfield code="a">Molina-Luque, Fidel</subfield>
      <subfield code="e">author</subfield>
   </datafield>
   <datafield ind2=" " ind1=" " tag="260">
      <subfield code="c">2006</subfield>
   </datafield>
   <datafield ind2=" " ind1=" " tag="520">
      <subfield code="a">La Sociología de la Educación Intercultural es un espacio de vertebración entre la investigación y la docencia (proyectos europeos «Telling Europe» y «Teaching and Diversity»). El debate está abierto sobre el concepto de la Cultura y las relaciones entre los grupos culturales diversos; entre las tendencias a la asimilación, al relativismo o al mestizaje. La adjetivación de «Intercultural» implica un diálogo complejo, y a veces con contradicciones, sobre los valores y las normas en las interacciones sociales de las personas; y sobre la búsqueda de la integración, la convivencia y la cohesión social. Por ello, debemos conjugar lo universal y lo particular, destacando la importancia de la diversidad cultural en el marco de la Interculturalidad. Es en este sentido que el modelo articulado de investigación y docencia, presentado a través de la Sociología de la Educación Intercultural, permite avanzar en aquellos criterios más positivos y menos contradictorios del Espacio Europeo de Educación&#xd;
Superior, en el marco de un análisis crítico del proceso de Bolonia.</subfield>
   </datafield>
   <datafield ind2=" " ind1=" " tag="520">
      <subfield code="a">«The complex interaction investigation and teaching in the contradictory European university frame. The case of de Sociology of the Intercultural Education». Sociology of Intercultural Education must be a space to back up research and teaching (European projects&#xd;
«Telling Europe» and «Teaching and Diversity»). The debate is open on the concept of culture and the relations between diverse cultural groups; between the tendencies towards assimilation, to relativism or the melting-pot. The adjectival use of «Intercultural» implies a complex dialogue, and sometimes with contradictions, on the values and norms in the&#xd;
social interactions of people; and on the search for integration, coexistence and social cohesion. For this reason, we must conjugate the universal and the individual within the framework, emphasizing the importance of the cultural diversity of interculturality. In this sense, the articulated model of research and teaching presented through Sociology of Intercultural Education, allows for advance in the criteria of the European Space of Higher Education, in the framework of a critical analysis of the process of Bologna.</subfield>
   </datafield>
   <datafield tag="653" ind2=" " ind1=" ">
      <subfield code="a">Sociología de la Educación Intercultural</subfield>
   </datafield>
   <datafield tag="653" ind2=" " ind1=" ">
      <subfield code="a">Identidad</subfield>
   </datafield>
   <datafield tag="653" ind2=" " ind1=" ">
      <subfield code="a">Cultura</subfield>
   </datafield>
   <datafield tag="653" ind2=" " ind1=" ">
      <subfield code="a">Universidad</subfield>
   </datafield>
   <datafield tag="653" ind2=" " ind1=" ">
      <subfield code="a">Espacio Europeo de Educación Superior (EEES)</subfield>
   </datafield>
   <datafield tag="653" ind2=" " ind1=" ">
      <subfield code="a">Proceso de Bolonia</subfield>
   </datafield>
   <datafield tag="653" ind2=" " ind1=" ">
      <subfield code="a">Créditos ECTS</subfield>
   </datafield>
   <datafield tag="653" ind2=" " ind1=" ">
      <subfield code="a">Investigación</subfield>
   </datafield>
   <datafield tag="653" ind2=" " ind1=" ">
      <subfield code="a">Docencia</subfield>
   </datafield>
   <datafield tag="653" ind2=" " ind1=" ">
      <subfield code="a">Sociology of Intercultural Education</subfield>
   </datafield>
   <datafield tag="653" ind2=" " ind1=" ">
      <subfield code="a">Identity</subfield>
   </datafield>
   <datafield tag="653" ind2=" " ind1=" ">
      <subfield code="a">Culture</subfield>
   </datafield>
   <datafield tag="653" ind2=" " ind1=" ">
      <subfield code="a">University</subfield>
   </datafield>
   <datafield tag="653" ind2=" " ind1=" ">
      <subfield code="a">European Space of Higher Education</subfield>
   </datafield>
   <datafield tag="653" ind2=" " ind1=" ">
      <subfield code="a">Process of Bologna</subfield>
   </datafield>
   <datafield tag="653" ind2=" " ind1=" ">
      <subfield code="a">ECTS credits</subfield>
   </datafield>
   <datafield tag="653" ind2=" " ind1=" ">
      <subfield code="a">Research</subfield>
   </datafield>
   <datafield tag="653" ind2=" " ind1=" ">
      <subfield code="a">Teaching</subfield>
   </datafield>
   <datafield tag="653" ind2=" " ind1=" ">
      <subfield code="a">Educació intercultural</subfield>
   </datafield>
   <datafield tag="653" ind2=" " ind1=" ">
      <subfield code="a">Sociologia de l'educació</subfield>
   </datafield>
   <datafield tag="653" ind2=" " ind1=" ">
      <subfield code="a">Espai Europeu d'Educació Superior</subfield>
   </datafield>
   <datafield ind2="0" ind1="0" tag="245">
      <subfield code="a">La compleja interacción entre investigación y docencia en el contradictorio marco universitario europeo. El caso de la Sociología de la Educación Intercultural</subfield>
   </datafield>
</record></metadata></record></GetRecord></OAI-PMH>